000
00334nam a22001457a 4500
008
210429b ||||| |||| 00| 0 eng d
020
_a
0030398363
041
_a
eng
080
_a
334.7
082
_a
334.7
100
_a
55
101
_a
MF
245
_a
Fundamentals of Financial Management
_c
Eugene F. Brigham
942
_2
udc
_c
BK
999
_c
57018
_d
57018